[Event "Madrid-ch Previa B"]
[Site "Madrid ESP"]
[Date "2014.02.22"]
[Round "7.21"]
[White "Jimenez Manzano, Emiliano"]
[Black "Enfedaque Jimenez, Juan Carlos"]
[Result "0-1"]
[WhiteElo "1481"]
[BlackElo "1745"]
[PlyCount "98"]
[EventDate "2014.02.06"]
[EventType "swiss"]
[EventRounds "9"]
[EventCountry "ESP"]
[Source "lmi"]
[SourceDate "2014.02.06"]

1. c4 e5 2. Nc3 Bb4 3. Nf3 Bxc3 4. bxc3 d6 5. d3 h6 6. g3 Nf6 7. Bg2 Nc6 8. Qb3
Rb8 9. Ba3 b6 10. O-O O-O 11. Ne1 Bb7 12. e4 Bc8 13. f4 exf4 14. Rxf4 Be6 15.
Qc2 Ng4 16. Bc1 Nge5 17. Rb1 Ng6 18. Rf1 Qd7 19. Be3 Nce5 20. Nf3 f5 21. Nd4
Ng4 22. Bc1 fxe4 23. Rxf8+ Rxf8 24. Nxe6 Qxe6 25. dxe4 Qxc4 26. Qb3 Qxb3 27.
axb3 a5 28. Ba3 Re8 29. Re1 N6e5 30. h3 Nf6 31. Re3 a4 32. c4 axb3 33. Rc3 Ra8
34. Rxb3 Nxc4 35. Bb2 Nxb2 36. Rxb2 Ra5 37. Rc2 Rc5 38. Re2 Kf7 39. Kf2 Ke6 40.
g4 Ke5 41. Re3 b5 42. Ke1 Rc2 43. Bf1 b4 44. Bd3 Rc3 45. Kd2 c5 46. Bb1 Kd4 47.
Rd3+ Rxd3+ 48. Bxd3 Nxe4+ 49. Ke2 c4 0-1

[Event "Madrid-ch Previa B"]
[Site "Madrid ESP"]
[Date "2014.02.22"]
[Round "7.22"]
[White "Santos Valdivia, Victor Manuel"]
[Black "Lopez Ziegler, Juan Jose"]
[Result "1/2-1/2"]
[WhiteElo "1512"]
[BlackElo "1512"]
[PlyCount "93"]
[EventDate "2014.02.06"]
[EventType "swiss"]
[EventRounds "9"]
[EventCountry "ESP"]
[Source "lmi"]
[SourceDate "2014.02.06"]

1. e4 c5 2. Nf3 g6 3. Bc4 Bg7 4. c3 e6 5. d3 Nc6 6. Be3 Qb6 7. Qc2 Nge7 8. a3
O-O 9. b4 d6 10. Nbd2 a5 11. b5 Ne5 12. Nxe5 Bxe5 13. a4 d5 14. exd5 exd5 15.
Ba2 Bf5 16. Nf3 Bf6 17. Qd2 Rac8 18. O-O d4 19. cxd4 cxd4 20. Bf4 Rc3 21. Bc4
Qc5 22. Qe2 Bg4 23. h3 Bxf3 24. Qxf3 b6 25. Bd2 Rc2 26. Rfd1 Bg7 27. Bb3 Rxd2
28. Rxd2 Qc3 29. Qd1 Bh6 30. Re2 Nf5 31. Bc4 Nd6 32. Qe1 Nxc4 33. Qxc3 dxc3 34.
dxc4 Bd2 35. Ra2 Rd8 36. Rc2 Kg7 37. Re4 Rd7 38. Re5 Kf6 39. Re2 Rd4 40. Re8
Rxc4 41. Rb8 Rxa4 42. Rxb6+ Kg7 43. Ra6 Ra1+ 44. Kh2 Rb1 45. Rxa5 Rb2 46. Ra2
Rxb5 47. Rxd2 1/2-1/2

[Event "Madrid-ch Previa B"]
[Site "Madrid ESP"]
[Date "2014.02.28"]
[Round "8.1"]
[White "Aguilera Lopez, Alejandro"]
[Black "Ruiz Sanchez, Roberto"]
[Result "1-0"]
[WhiteElo "1612"]
[BlackElo "1935"]
[PlyCount "129"]
[EventDate "2014.02.06"]
[EventType "swiss"]
[EventRounds "9"]
[EventCountry "ESP"]
[Source "lmi"]
[SourceDate "2014.02.06"]

1. e4 c6 2. d4 d5 3. exd5 cxd5 4. Bd3 Nc6 5. c3 Nf6 6. Bf4 Bg4 7. Qb3 Qc8 8.
Nd2 e6 9. Ngf3 Bxf3 10. Nxf3 Be7 11. O-O O-O 12. Rae1 a6 13. Ne5 Nd7 14. Qc2 h6
15. Re3 Bd6 16. Rfe1 Qc7 17. Qe2 Bxe5 18. dxe5 f5 19. Qh5 Nc5 20. Bc2 Qf7 21.
Qxf7+ Kxf7 22. R3e2 Rfd8 23. Be3 d4 24. cxd4 Nxd4 25. Bxd4 Rxd4 26. f3 Rad8 27.
a3 a5 28. Kf2 b5 29. Rc1 a4 30. Bxf5 Nb3 31. Rc7+ R8d7 32. Rxd7+ Rxd7 33. Be4
Na5 34. Rc2 g5 35. Ke2 Nb3 36. Ke3 Ke7 37. g3 Na5 38. Bd3 Rb7 39. Rc5 Nc4+ 40.
Bxc4 bxc4 41. Rxc4 Rb3+ 42. Ke4 Rxb2 43. Rxa4 Rxh2 44. Ra7+ Kd8 45. g4 Re2+ 46.
Kd4 Rh2 47. Rh7 Rh3 48. Ke3 Rh1 49. Kf2 Rh2+ 50. Kg3 Re2 51. Rxh6 Rxe5 52. Rh1
Ke7 53. Ra1 Kf6 54. a4 Ra5 55. Kf2 Ke7 56. Ke3 Kf6 57. Kd4 Ke7 58. Kc4 Kd6 59.
Kb4 Ra8 60. a5 Ke5 61. Kb5 Kd4 62. a6 e5 63. Kb6 Kd5 64. Kb7 Rf8 65. a7 1-0

[Event "Madrid-ch Previa B"]
[Site "Madrid ESP"]
[Date "2014.02.28"]
[Round "8.2"]
[White "Merino Araguas, Jose Javier"]
[Black "Ballesteros Galvez, Daniel"]
[Result "1-0"]
[WhiteElo "1813"]
[BlackElo "1789"]
[PlyCount "77"]
[EventDate "2014.02.06"]
[EventType "swiss"]
[EventRounds "9"]
[EventCountry "ESP"]
[Source "lmi"]
[SourceDate "2014.02.06"]

1. d4 d5 2. Nf3 Nf6 3. c4 e6 4. cxd5 exd5 5. Nc3 c6 6. Bg5 h6 7. Bh4 Be7 8. Qc2
O-O 9. e3 Be6 10. Bd3 Nbd7 11. O-O Qc7 12. Bg3 Qd8 13. h3 Re8 14. a3 Nf8 15.
Ne5 Bd6 16. f4 Bc8 17. Bh4 Be7 18. Qf2 Nh5 19. Bxe7 Qxe7 20. Rae1 f5 21. Ne2
Qf6 22. Kh2 g6 23. Ng1 Ng7 24. Ngf3 Nge6 25. Nh4 Re7 26. g4 fxg4 27. Nxg4 Qh8
28. Ne5 Qf6 29. Nhxg6 Nxg6 30. Nxg6 Rg7 31. Rg1 Nf8 32. Nxf8 Kxf8 33. Rxg7 Qxg7
34. Rg1 Qf6 35. Qg3 Be6 36. Qg6 Ke7 37. Qxf6+ Kxf6 38. Rg6+ Kf7 39. Rxh6 1-0

[Event "Madrid-ch Previa B"]
[Site "Madrid ESP"]
[Date "2014.02.28"]
[Round "8.3"]
[White "Lopez Ziegler, Carlos"]
[Black "Garcia Serrano, Jose M. Ii"]
[Result "1-0"]
[WhiteElo "1944"]
[BlackElo "1835"]
[PlyCount "89"]
[EventDate "2014.02.06"]
[EventType "swiss"]
[EventRounds "9"]
[EventCountry "ESP"]
[Source "lmi"]
[SourceDate "2014.02.06"]

1. e4 e5 2. Nf3 Nc6 3. d4 exd4 4. Bc4 Nf6 5. e5 d5 6. Bb5 Ne4 7. Nxd4 Bc5 8.
Be3 Bd7 9. Bxc6 bxc6 10. O-O O-O 11. f3 Ng5 12. f4 Ne4 13. Nd2 Bxd4 14. Bxd4
Bf5 15. Nxe4 Bxe4 16. Qg4 Qe7 17. f5 Qb4 18. c3 Qxb2 19. Rae1 Qd2 20. Re3 Rab8
21. Rg3 Qh6 22. Rh3 Qd2 23. Rg3 g6 24. f6 Rb2 25. e6 h5 26. Qh3 Kh7 27. e7 Rfb8
28. Bxa7 Rb1 29. Rgf3 Rxf1+ 30. Rxf1 Rb2 31. Bf2 Rb8 32. Qd7 Qg5 33. Bg3 Qd2
34. Bf2 Qg5 35. Bg3 Rb2 36. Qh3 Rb8 37. Bxc7 Rb2 38. Bg3 Qd2 39. Bf2 Rb8 40.
Be3 Qe2 41. Qg3 Re8 42. Qf2 Qg4 43. h3 Qe6 44. Qf4 g5 45. Qxg5 1-0

[Event "Madrid-ch Previa B"]
[Site "Madrid ESP"]
[Date "2014.02.28"]
[Round "8.4"]
[White "Tirado Parra, Alberto"]
[Black "Sebastian Enesco, Alex"]
[Result "0-1"]
[WhiteElo "1939"]
[BlackElo "1761"]
[PlyCount "72"]
[EventDate "2014.02.06"]
[EventType "swiss"]
[EventRounds "9"]
[EventCountry "ESP"]
[Source "lmi"]
[SourceDate "2014.02.06"]

1. d4 Nf6 2. Nf3 c5 3. c4 cxd4 4. Nxd4 Nc6 5. Nc3 e5 6. Ndb5 d6 7. Bg5 a6 8.
Na3 Be7 9. g3 h6 10. Bxf6 Bxf6 11. Bg2 Be6 12. O-O Qd7 13. Nd5 Bxd5 14. cxd5
Ne7 15. Nc4 Nc8 16. Rc1 Bd8 17. f4 b5 18. Nd2 exf4 19. Rxf4 O-O 20. Kh1 Bg5 21.
Rf3 Nb6 22. h4 Bf6 23. b3 Nxd5 24. Rd3 Nb4 25. Ne4 Nxd3 26. Nxf6+ gxf6 27. exd3
Rac8 28. Rxc8 Rxc8 29. Kh2 Rc5 30. d4 Rc3 31. Qd2 Qc7 32. d5 Qc5 33. Qxh6 Qe3
34. Qxf6 Qxg3+ 35. Kh1 Rc2 36. Qd8+ Kg7 0-1

[Event "Madrid-ch Previa B"]
[Site "Madrid ESP"]
[Date "2014.02.28"]
[Round "8.5"]
[White "Fernandez Rodriguez, Fernando J"]
[Black "Munoz Cebey, Ricardo"]
[Result "1-0"]
[WhiteElo "1782"]
[BlackElo "1878"]
[PlyCount "69"]
[EventDate "2014.02.06"]
[EventType "swiss"]
[EventRounds "9"]
[EventCountry "ESP"]
[Source "lmi"]
[SourceDate "2014.02.06"]

1. d4 d5 2. c4 dxc4 3. Nf3 Nf6 4. e3 e6 5. Bxc4 c5 6. O-O a6 7. Bd3 Nc6 8. Nc3
cxd4 9. exd4 Be7 10. Re1 O-O 11. a3 b6 12. Be3 Bb7 13. Rc1 Re8 14. Qe2 b5 15.
b4 Rc8 16. Red1 Qd6 17. h3 h6 18. Bb1 Bf8 19. Qc2 g6 20. Qd2 Kh7 21. Ne5 Nxe5
22. dxe5 Qxd2 23. Bxd2 Nd5 24. Ne4 Kg7 25. f3 f5 26. exf6+ Nxf6 27. Bxh6+ Kxh6
28. Nxf6 Rxc1 29. Rxc1 Rc8 30. Ng4+ Kh7 31. Rd1 Bd5 32. Ne5 Rc3 33. Nxg6 Kg7
34. Nxf8 Kxf8 35. Be4 1-0

[Event "Madrid-ch Previa B"]
[Site "Madrid ESP"]
[Date "2014.02.28"]
[Round "8.6"]
[White "Lianes Garcia, Marcos"]
[Black "Fernandez Rios, Jose Francisco"]
[Result "1-0"]
[WhiteElo "1837"]
[BlackElo "1649"]
[PlyCount "69"]
[EventDate "2014.02.06"]
[EventType "swiss"]
[EventRounds "9"]
[EventCountry "ESP"]
[Source "lmi"]
[SourceDate "2014.02.06"]

1. e4 c5 2. Nf3 g6 3. c3 d5 4. exd5 Qxd5 5. d4 Bg7 6. Na3 Nf6 7. Bc4 Qe4+ 8.
Be3 O-O 9. dxc5 Ng4 10. Bd5 Nxe3 11. Bxe4 Nxd1 12. Rxd1 Na6 13. c6 bxc6 14. Nd4
Rb8 15. b3 c5 16. Ne2 Be6 17. O-O Rfd8 18. h3 Nc7 19. c4 f5 20. Bf3 a5 21. Nf4
Bf7 22. Nd3 e5 23. Be2 Ne6 24. Nb5 e4 25. Nc1 Nd4 26. f3 Nxb5 27. cxb5 Rd4 28.
fxe4 fxe4 29. Rfe1 a4 30. Kh1 axb3 31. Nxb3 Rxd1 32. Rxd1 c4 33. Nd2 Rxb5 34.
Nxc4 Bxc4 35. Bxc4+ 1-0

[Event "Madrid-ch Previa B"]
[Site "Madrid ESP"]
[Date "2014.02.28"]
[Round "8.7"]
[White "Yeves Miquel, Enrique"]
[Black "Martinez Rubio, Felipe"]
[Result "1-0"]
[WhiteElo "1742"]
[BlackElo "1805"]
[PlyCount "117"]
[EventDate "2014.02.06"]
[EventType "swiss"]
[EventRounds "9"]
[EventCountry "ESP"]
[Source "lmi"]
[SourceDate "2014.02.06"]

1. d4 d5 2. c4 c6 3. Nc3 Nf6 4. e3 Bf5 5. cxd5 Nxd5 6. Nge2 Nxc3 7. Nxc3 e6 8.
e4 Bg6 9. a3 Nd7 10. Be3 Be7 11. Bd3 O-O 12. O-O a6 13. f4 h6 14. Qe2 c5 15.
Rad1 Qc8 16. d5 exd5 17. Nxd5 Bd8 18. Rc1 Re8 19. f5 Bh7 20. b4 b6 21. bxc5
bxc5 22. Bb1 Qc6 23. Qf2 Rc8 24. Qg3 Kh8 25. Rfd1 Bf6 26. Nxf6 Qxf6 27. Rxd7
Bg8 28. Bd2 Qb2 29. Rd1 Qf6 30. Bc3 Qg5 31. Qxg5 hxg5 32. e5 Rb8 33. Ba2 f6 34.
exf6 Bxa2 35. fxg7+ Kg8 36. f6 Bf7 37. R1d3 Re4 38. Rd8+ Re8 39. R8d6 Re4 40.
Rh3 Rh4 41. Rxh4 gxh4 42. Rxa6 Rc8 43. Kf2 Rd8 44. Ke3 Bc4 45. f7+ Kxf7 46.
Rf6+ Kg8 47. Kf3 Bf1 48. Rh6 Kf7 49. Rh8 Rg8 50. g4 hxg3 51. Kxg3 Bc4 52. h4
Be2 53. Kf4 Bc4 54. Kg5 Ke7 55. h5 Rd8 56. Rxd8 Kxd8 57. h6 Bg8 58. Kg6 Ke7 59.
h7 1-0

[Event "Madrid-ch Previa B"]
[Site "Madrid ESP"]
[Date "2014.02.28"]
[Round "8.9"]
[White "Alonso Herrero, Ignacio"]
[Black "Rottenwoerer, Christoph"]
[Result "1-0"]
[WhiteElo "1777"]
[BlackElo "1643"]
[PlyCount "77"]
[EventDate "2014.02.06"]
[EventType "swiss"]
[EventRounds "9"]
[EventCountry "ESP"]
[Source "lmi"]
[SourceDate "2014.02.06"]

1. e4 c5 2. Nc3 g6 3. f4 Nc6 4. Bb5 Nd4 5. Bc4 d6 6. h3 a6 7. a4 Bd7 8. Nf3 b5
9. Bd5 Rb8 10. axb5 e6 11. Bc6 axb5 12. Bxd7+ Qxd7 13. O-O Bg7 14. d3 Ne7 15.
Kh1 O-O 16. Nxd4 Bxd4 17. Ne2 Bg7 18. c3 Qb7 19. Ng3 Ra8 20. Rxa8 Rxa8 21. f5
Be5 22. fxe6 fxe6 23. Qf3 Nc6 24. Bh6 Qe7 25. h4 Re8 26. Bg5 Qg7 27. Bh6 Qe7
28. Qg4 Bf6 29. h5 Kh8 30. hxg6 Rg8 31. g7+ Bxg7 32. Bg5 Qe8 33. Nh5 Ne5 34.
Qh3 Qg6 35. Be7 Nxd3 36. Nxg7 Qxe4 37. Nxe6 Rxg2 38. Qxg2 Qh4+ 39. Bxh4 1-0

[Event "Madrid-ch Previa B"]
[Site "Madrid ESP"]
[Date "2014.02.28"]
[Round "8.10"]
[White "Soto Martin, Miguel"]
[Black "Hernandez Del Can, Jose"]
[Result "0-1"]
[WhiteElo "1645"]
[BlackElo "1717"]
[PlyCount "98"]
[EventDate "2014.02.06"]
[EventType "swiss"]
[EventRounds "9"]
[EventCountry "ESP"]
[Source "lmi"]
[SourceDate "2014.02.06"]

1. d4 Nf6 2. Nf3 g6 3. g3 Bg7 4. Bg2 c6 5. O-O d5 6. Ne5 O-O 7. c4 e6 8. Nc3
Nfd7 9. f4 f6 10. Nf3 dxc4 11. Nd2 Nb6 12. e3 e5 13. dxe5 fxe5 14. Na4 Nxa4 15.
Qxa4 b5 16. Qc2 exf4 17. exf4 Qd3 18. Qxd3 cxd3 19. Rd1 Bg4 20. Nf3 Rd8 21. Rd2
Bxf3 22. Bxf3 Bd4+ 23. Kg2 Be3 24. Rd1 d2 25. b4 Na6 26. Bb2 Nxb4 27. Bc3 Nd5
28. Bxd2 Bxd2 29. Rxd2 Ne3+ 30. Kf2 Rxd2+ 31. Kxe3 Rxh2 32. Bxc6 Rb8 33. Rb1 a6
34. g4 Rc8 35. Bb7 Rc3+ 36. Ke4 Ra3 37. Rc1 Re2+ 38. Kd4 Re7 39. Bd5+ Kg7 40.
Bb3 a5 41. Rc8 a4 42. Rg8+ Kh6 43. g5+ Kh5 44. Bd1+ Kh4 45. Kc5 Re1 46. Bc2
Rc3+ 47. Kxb5 Rxc2 48. Kxa4 Rxa2+ 49. Kb3 Rf2 0-1

[Event "Madrid-ch Previa B"]
[Site "Madrid ESP"]
[Date "2014.02.28"]
[Round "8.11"]
[White "Marcos Herrero, Francisco"]
[Black "Martinez Carrasco, Jesus"]
[Result "1-0"]
[WhiteElo "1930"]
[BlackElo "1586"]
[PlyCount "51"]
[EventDate "2014.02.06"]
[EventType "swiss"]
[EventRounds "9"]
[EventCountry "ESP"]
[Source "lmi"]
[SourceDate "2014.02.06"]

1. Nf3 d5 2. c4 c6 3. d4 Nf6 4. Nc3 e6 5. g3 dxc4 6. a4 g6 7. Bg2 Bg7 8. e4 O-O
9. Ne5 Ne8 10. Bf4 Qb6 11. Qd2 Nd7 12. a5 Qd8 13. Nxc4 Nef6 14. O-O Ne8 15.
Rfd1 Qe7 16. d5 exd5 17. exd5 cxd5 18. Nxd5 Qc5 19. Rac1 Qb5 20. Nd6 Nxd6 21.
Bxd6 Re8 22. Nc7 Qxb2 23. Nxe8 Qxd2 24. Rxd2 Bh6 25. f4 Nf8 26. Nc7 1-0

[Event "Madrid-ch Previa B"]
[Site "Madrid ESP"]
[Date "2014.02.28"]
[Round "8.12"]
[White "Bento Iglesias, Pablo"]
[Black "Franco Rincon, David"]
[Result "1-0"]
[WhiteElo "1601"]
[BlackElo "1685"]
[PlyCount "85"]
[EventDate "2014.02.06"]
[EventType "swiss"]
[EventRounds "9"]
[EventCountry "ESP"]
[Source "lmi"]
[SourceDate "2014.02.06"]

1. d4 d5 2. c4 e6 3. Nc3 Nf6 4. Nf3 Be7 5. Bf4 c6 6. a3 O-O 7. e3 Nbd7 8. c5
Re8 9. Bd3 Nf8 10. Qc2 Ng6 11. Bg3 b6 12. b4 a5 13. Ne5 Bd7 14. Ke2 b5 15. Nxb5
cxb5 16. c6 Rc8 17. Nxd7 Nxd7 18. c7 e5 19. cxd8=Q Rxc2+ 20. Bxc2 Bxd8 21. Bxg6
hxg6 22. Bxe5 Nxe5 23. dxe5 Rxe5 24. Rhd1 Bb6 25. bxa5 Bxa5 26. Rab1 d4 27.
Rxd4 Rc5 28. Rd3 f6 29. Rdb3 Rc2+ 30. Kf3 g5 31. Rxb5 Bc7 32. R1b2 Rc3 33. Ra2
Rc4 34. h3 Kh7 35. a4 Rc6 36. a5 Ra6 37. Ke4 Kg6 38. g4 Kh6 39. Kd4 g6 40. Kc4
Bd8 41. Rd5 Bc7 42. Kb5 Ra8 43. a6 1-0

[Event "Madrid-ch Previa B"]
[Site "Madrid ESP"]
[Date "2014.02.28"]
[Round "8.13"]
[White "Morona Minguez, Miguel"]
[Black "Ruiz Bazaga, Miriam"]
[Result "1-0"]
[WhiteElo "1622"]
[BlackElo "1588"]
[PlyCount "39"]
[EventDate "2014.02.06"]
[EventType "swiss"]
[EventRounds "9"]
[EventCountry "ESP"]
[Source "lmi"]
[SourceDate "2014.02.06"]

1. e4 e6 2. d4 d5 3. e5 c5 4. c3 Nc6 5. Nf3 Nh6 6. Bxh6 gxh6 7. Be2 cxd4 8.
cxd4 Bb4+ 9. Nc3 Qa5 10. Qd2 Bd7 11. O-O Qb6 12. Rfd1 Bf8 13. Rac1 Ne7 14. Bd3
Nf5 15. Bxf5 exf5 16. Nxd5 Qg6 17. Nf6+ Kd8 18. Qa5+ Ke7 19. Qc5+ Kd8 20. Qc7+
1-0

[Event "Madrid-ch Previa B"]
[Site "Madrid ESP"]
[Date "2014.02.28"]
[Round "8.15"]
[White "Urena Castellanos, Antonio"]
[Black "Barragan Arriaza, Pablo"]
[Result "0-1"]
[WhiteElo "1697"]
[BlackElo "1361"]
[PlyCount "90"]
[EventDate "2014.02.06"]
[EventType "swiss"]
[EventRounds "9"]
[EventCountry "ESP"]
[Source "lmi"]
[SourceDate "2014.02.06"]

1. d4 d5 2. Nf3 c6 3. c4 Nf6 4. e3 Bf5 5. Nc3 e6 6. Be2 Bd6 7. a4 O-O 8. c5 Bc7
9. b4 a6 10. h3 Nbd7 11. O-O e5 12. Ng5 Be6 13. Nf3 e4 14. Nh2 Qb8 15. f4 exf3
16. Nxf3 Ne4 17. Nxe4 dxe4 18. Ng5 Nf6 19. Rxf6 gxf6 20. Nxe4 Kg7 21. Qf1 f5
22. Ng5 h6 23. Nf3 Bg3 24. Bb2 f6 25. Bd3 Rg8 26. Nd2 Qc8 27. Qf3 Kf7 28. Bc4
Bxc4 29. Nxc4 Qe6 30. Qh5+ Rg6 31. Qf3 Qxc4 32. Qxf5 Qe6 33. Qf3 Rag8 34. b5
Bh4 35. g4 h5 36. bxc6 hxg4 37. Qf4 gxh3+ 38. Kh1 Qxc6+ 39. e4 Rg4 40. Qf3 Qxe4
41. Qxe4 Rxe4 42. Rf1 Re2 43. Bc3 Rgg2 44. Rf3 Rh2+ 45. Kg1 Reg2+ 0-1

[Event "Madrid-ch Previa B"]
[Site "Madrid ESP"]
[Date "2014.02.28"]
[Round "8.18"]
[White "Enfedaque Jimenez, Juan Carlos"]
[Black "Mosteiro Montoro, Alvaro"]
[Result "1-0"]
[WhiteElo "1745"]
[BlackElo "1654"]
[PlyCount "25"]
[EventDate "2014.02.06"]
[EventType "swiss"]
[EventRounds "9"]
[EventCountry "ESP"]
[Source "lmi"]
[SourceDate "2014.02.06"]

1. e4 c5 2. c3 Nc6 3. d4 cxd4 4. cxd4 d6 5. Nf3 g6 6. Nc3 Bg7 7. Be3 e6 8. Rc1
Bd7 9. Nb5 Qb8 10. d5 a6 11. dxc6 bxc6 12. Nxd6+ Ke7 13. Bc5 1-0

[Event "Madrid-ch Previa B"]
[Site "Madrid ESP"]
[Date "2014.02.28"]
[Round "8.19"]
[White "Garcia Carbonell, Francisco"]
[Black "Moro Serrano, Federico"]
[Result "1-0"]
[WhiteElo "1666"]
[BlackElo "1543"]
[PlyCount "69"]
[EventDate "2014.02.06"]
[EventType "swiss"]
[EventRounds "9"]
[EventCountry "ESP"]
[Source "lmi"]
[SourceDate "2014.02.06"]

1. e4 c5 2. Nc3 Nc6 3. g3 g6 4. Bg2 Bg7 5. d3 d6 6. h3 e6 7. Be3 Rb8 8. Qd2 Nd4
9. f4 b5 10. Nge2 b4 11. Nd1 e5 12. O-O f5 13. c3 bxc3 14. bxc3 Nxe2+ 15. Qxe2
Nf6 16. fxe5 dxe5 17. Bxc5 Ba6 18. exf5 Qc7 19. Bb4 Rd8 20. Nb2 Nd5 21. Bxd5
Rxd5 22. f6 Qb6+ 23. Kh2 Bxf6 24. c4 Qxb4 25. cxd5 O-O 26. Nc4 Qc3 27. Rae1 Bg7
28. Rxf8+ Kxf8 29. Nxe5 Bxe5 30. Qxe5 Qxd3 31. Qe8+ Kg7 32. Re7+ Kh6 33. Qf8+
Kh5 34. Rxh7+ Kg5 35. Qf4# 1-0

[Event "Madrid-ch Previa B"]
[Site "Madrid ESP"]
[Date "2014.02.28"]
[Round "8.20"]
[White "Barragan Panal, Juan Jose"]
[Black "Melcon Mediavilla, Rodrigo"]
[Result "1-0"]
[WhiteElo "1630"]
[BlackElo "1446"]
[PlyCount "99"]
[EventDate "2014.02.06"]
[EventType "swiss"]
[EventRounds "9"]
[EventCountry "ESP"]
[Source "lmi"]
[SourceDate "2014.02.06"]

1. Nf3 c5 2. c4 Nc6 3. Nc3 Nf6 4. g3 g6 5. Bg2 Bg7 6. O-O O-O 7. a3 Rb8 8. Rb1
a5 9. d3 d5 10. Bf4 Ra8 11. cxd5 Nxd5 12. Nxd5 Qxd5 13. Ne5 Qe6 14. Nxc6 bxc6
15. Qc2 Bd7 16. Rfe1 Qf5 17. Be4 Qh5 18. Bf3 Qf5 19. e4 Qf6 20. e5 Qf5 21. Be4
Qe6 22. Qxc5 Rfd8 23. d4 f5 24. Bd3 Qf7 25. Bc4 Be6 26. b3 a4 27. Qxc6 Bxc4 28.
Qxc4 axb3 29. Qxf7+ Kxf7 30. Rxb3 Rxd4 31. e6+ Ke8 32. Be5 Bxe5 33. Rxe5 Rda4
34. Reb5 Kf8 35. Rb8+ Rxb8 36. Rxb8+ Kg7 37. Rb3 Ra6 38. Re3 Kf6 39. f4 Rxe6
40. Rxe6+ Kxe6 41. Kf2 Kd6 42. Ke3 Kc5 43. Kd3 Kb5 44. Kd4 Ka4 45. Ke5 Kxa3 46.
Ke6 Kb3 47. Kxe7 Kc3 48. Kf6 Kd3 49. Kg7 Ke3 50. Kxh7 1-0

[Event "Madrid-ch Previa B"]
[Site "Madrid ESP"]
[Date "2014.02.28"]
[Round "8.22"]
[White "Lopez Ziegler, Juan Jose"]
[Black "Reyes Penas, Sebastian"]
[Result "0-1"]
[WhiteElo "1512"]
[BlackElo "1383"]
[PlyCount "78"]
[EventDate "2014.02.06"]
[EventType "swiss"]
[EventRounds "9"]
[EventCountry "ESP"]
[Source "lmi"]
[SourceDate "2014.02.06"]

1. d4 d5 2. Bf4 f5 3. e3 e6 4. Nf3 Nf6 5. Nbd2 Be7 6. Bd3 O-O 7. Ne5 c6 8. O-O
Ne4 9. h3 Nd7 10. Kh1 Qb6 11. Rb1 Qa5 12. Nxe4 fxe4 13. Be2 Qxa2 14. Nxd7 Bxd7
15. Bh5 Qa5 16. Qg4 Kh8 17. Qg3 Rac8 18. f3 exf3 19. Rxf3 Qd8 20. Rbf1 Bh4 21.
Qh2 Kg8 22. Bd6 Rxf3 23. Rxf3 Qa5 24. Qf4 Bf6 25. Qg4 Kh8 26. Rxf6 gxf6 27. Be7
Qe1+ 28. Kh2 Qf2 29. Bf7 Qf1 30. Qf3 Qxf3 31. gxf3 Kg7 32. Bh5 f5 33. Kg3 Rg8
34. Kf4 Kh6 35. Bf7 Rh8 36. h4 Kg7 37. Bh5 Be8 38. Bxe8 Rxe8 39. Bg5 h6 0-1

[Event "Madrid-ch Previa B"]
[Site "Madrid ESP"]
[Date "2014.03.01"]
[Round "9.1"]
[White "Ruiz Sanchez, Roberto"]
[Black "Merino Araguas, Jose Javier"]
[Result "1/2-1/2"]
[WhiteElo "1935"]
[BlackElo "1813"]
[PlyCount "35"]
[EventDate "2014.02.06"]
[EventType "swiss"]
[EventRounds "9"]
[EventCountry "ESP"]
[Source "lmi"]
[SourceDate "2014.02.06"]

1. e4 e6 2. d4 d5 3. Nd2 Nf6 4. e5 Nfd7 5. Bd3 c5 6. c3 Nc6 7. Ne2 cxd4 8. cxd4
f6 9. exf6 Nxf6 10. O-O Bd6 11. Nf3 O-O 12. Bf4 Nh5 13. Bxd6 Qxd6 14. Qd2 Nf4
15. Nxf4 Qxf4 16. Qxf4 Rxf4 17. Rad1 Bd7 18. Rfe1 1/2-1/2

[Event "Madrid-ch Previa B"]
[Site "Madrid ESP"]
[Date "2014.03.01"]
[Round "9.2"]
[White "Lopez Ziegler, Carlos"]
[Black "Aguilera Lopez, Alejandro"]
[Result "1/2-1/2"]
[WhiteElo "1944"]
[BlackElo "1612"]
[PlyCount "68"]
[EventDate "2014.02.06"]
[EventType "swiss"]
[EventRounds "9"]
[EventCountry "ESP"]
[Source "lmi"]
[SourceDate "2014.02.06"]

1. e4 c5 2. Nc3 Nc6 3. f4 d6 4. Nf3 g6 5. Bb5 Bd7 6. O-O Bg7 7. d3 e6 8. Be3 b6
9. d4 Nge7 10. Qd2 O-O 11. Rad1 Nxd4 12. Nxd4 cxd4 13. Bxd4 Bxb5 14. Nxb5 d5
15. Bxg7 Kxg7 16. c4 a6 17. Na3 Qd6 18. Qd4+ Kg8 19. cxd5 exd5 20. Nc4 Qb4 21.
Nxb6 Qxd4+ 22. Rxd4 Rad8 23. Nxd5 Nxd5 24. Rfd1 Rb8 25. exd5 Rxb2 26. d6 Rd8
27. a4 Rb6 28. g4 Rd7 29. Kf2 Kg7 30. Kf3 f5 31. h3 Kf6 32. R1d3 Ke6 33. Re3+
Kf6 34. Red3 Ke6 1/2-1/2

[Event "Madrid-ch Previa B"]
[Site "Madrid ESP"]
[Date "2014.03.01"]
[Round "9.3"]
[White "Sebastian Enesco, Alex"]
[Black "Lianes Garcia, Marcos"]
[Result "1/2-1/2"]
[WhiteElo "1761"]
[BlackElo "1837"]
[PlyCount "110"]
[EventDate "2014.02.06"]
[EventType "swiss"]
[EventRounds "9"]
[EventCountry "ESP"]
[Source "lmi"]
[SourceDate "2014.02.06"]

1. e4 e6 2. d4 d5 3. exd5 exd5 4. Nf3 Nf6 5. Bb5+ c6 6. Bd3 Bd6 7. Qe2+ Qe7 8.
Qxe7+ Bxe7 9. O-O O-O 10. Re1 Bd6 11. Bg5 Nbd7 12. Ne5 Re8 13. f4 Ne4 14. Bxe4
dxe4 15. Nc4 Bc7 16. Nc3 f6 17. Bh4 f5 18. Ne5 Bb6 19. Bf2 Nf6 20. Rad1 Be6 21.
Na4 Nd5 22. Nxb6 axb6 23. a3 Nxf4 24. Bg3 Nh5 25. Bh4 Nf4 26. Bg3 Ng6 27. Nxg6
hxg6 28. Bc7 b5 29. Bb6 Rac8 30. h4 Bd5 31. g3 Kf7 32. Kf2 Rh8 33. Ke3 g5 34.
hxg5 Rh2 35. Rd2 Rxd2 36. Kxd2 Kg6 37. Bc5 Kxg5 38. Rf1 Rh8 39. Rf4 Rh2+ 40.
Kc3 Rg2 41. Be7+ Kg6 42. Bh4 b6 43. Rf1 Bc4 44. Re1 Kh5 45. Bd8 Rxg3+ 46. Kb4
Bd5 47. Bxb6 f4 48. Bc7 Kg4 49. b3 e3 50. c4 bxc4 51. bxc4 Bf3 52. a4 e2 53. a5
Rh3 54. Kc3 Bg2+ 55. Kd2 Kf3 1/2-1/2

[Event "Madrid-ch Previa B"]
[Site "Madrid ESP"]
[Date "2014.03.01"]
[Round "9.6"]
[White "Ballesteros Galvez, Daniel"]
[Black "Alonso Herrero, Ignacio"]
[Result "1-0"]
[WhiteElo "1789"]
[BlackElo "1777"]
[PlyCount "47"]
[EventDate "2014.02.06"]
[EventType "swiss"]
[EventRounds "9"]
[EventCountry "ESP"]
[Source "lmi"]
[SourceDate "2014.02.06"]

1. e4 e6 2. d4 d5 3. e5 c5 4. c3 Nc6 5. Nf3 cxd4 6. cxd4 Qb6 7. a3 f6 8. b4 Bd7
9. Bb2 Be7 10. Bd3 Nh6 11. O-O Nf5 12. Bxf5 exf5 13. Re1 O-O 14. Nc3 Be6 15.
exf6 Rxf6 16. Ng5 Nd8 17. Nxe6 Rxe6 18. Nxd5 Qd6 19. Nxe7+ Qxe7 20. d5 Rxe1+
21. Qxe1 Qd7 22. Rc1 Nf7 23. Qe6 Qb5 24. Rc8+ 1-0

[Event "Madrid-ch Previa B"]
[Site "Madrid ESP"]
[Date "2014.03.01"]
[Round "9.7"]
[White "Barragan Arriaza, Pablo"]
[Black "Tirado Parra, Alberto"]
[Result "0-1"]
[WhiteElo "1361"]
[BlackElo "1939"]
[PlyCount "66"]
[EventDate "2014.02.06"]
[EventType "swiss"]
[EventRounds "9"]
[EventCountry "ESP"]
[Source "lmi"]
[SourceDate "2014.02.06"]

1. c4 e5 2. g3 Nc6 3. Bg2 g6 4. Nf3 Bg7 5. Nc3 d6 6. d3 f5 7. Bd2 Nf6 8. O-O
O-O 9. a3 h6 10. b4 Be6 11. b5 Ne7 12. a4 Qd7 13. a5 b6 14. Nxe5 dxe5 15. Bxa8
Rxa8 16. axb6 cxb6 17. Na4 Rc8 18. Be3 f4 19. Bd2 Bh3 20. Re1 Qb7 21. f3 Ng4
22. Nc3 e4 23. Nxe4 Bd4+ 24. e3 fxe3 25. Bxe3 Nxe3 26. Rxe3 Nf5 27. Kh1 Nxe3
28. Qe2 Bg2+ 29. Kg1 Rf8 30. f4 Re8 31. Qa2 Rxe4 32. dxe4 Qxe4 33. c5+ Kh8 0-1